01405nam a2200325 i 4500001001000000003000900010005001700019007000300036008004100039040003000080082001400110100002800124245014800152264004300300300002500343336002700368337003300395338002800428504003000456590002700486700003800513700004100551700004000592910001400632942001400646952013200660952013800792952013200930999001701062000016484DO-SdBNP20240715140508.0ta100305s1988 dr 000 0 spa d aDO-SdBNPbspacBNPHUerda bG491r2221 aGimeno, Consuelo93458310aReflexiones en torno a la identidad del maestro dominicano /cConsuelo Gimeno, Raymundo González, José Manuel Madruga, Leopoldo Artiles Gil 1aSanto Domingo :bCentro Poveda,c1988. a96 páginasc21 cm. 2rdacontentatextobtxt 2rdamediaasin mediaciónbn 2rdacarrieravolumenbnc aBibliografías p: 66, 96 aInventariado, 2024/ YL aGonzález, Raymundoeautor963731 aMadruga, José Manuel936713eautor1 aArtiles Gil, Leopoldoeautor911876 aYLockward 2ddccLBS1 00102ddc51708PDaBNPHUbBNPHUcCTd1991-07-31iLF1l0oBNPHU PD G491rp16484-10r2020-06-25w2020-06-25yLBS1ZNo se presta 00102ddc51708PDaBNPHUbBNPHUcCTd2010-03-05iLF1l0oBNPHU PD G491rp16484-20r2020-06-25te. 2w2020-06-25yLBS1ZNo se presta 00102ddc56708DSaBNPHUbBNPHUcCTd2013-03-01eInteciLF1l0oBNPHU DS G491rp2024-0038r2024-01-03te. 3w2020-06-25yLBS1 c16019d16019